Foundations of Corporate Finance (Record no. 245092)

MARC details
000 -LEADER
fixed length control field 00450nam a2200181Ia 4500
008 - FIXED-LENGTH DATA ELEMENTS--GENERAL INFORMATION
fixed length control field 240913s9999||||xx |||||||||||||| ||und||
082 ## - DEWEY DECIMAL CLASSIFICATION NUMBER
-- 658.15 P2
100 ## - MAIN ENTRY--PERSONAL NAME
Personal name Hickman,Kent A [et al]
245 #0 - TITLE STATEMENT
Title Foundations of Corporate Finance
250 ## - EDITION STATEMENT
Edition statement 2nd
260 ## - PUBLICATION, DISTRIBUTION, ETC. (IMPRINT)
Date of publication, distribution, etc 2002
Name of publisher, distributor, etc Thomson,Australia
500 ## - GENERAL NOTE
General note REFERENCE
650 ## - SUBJECT ADDED ENTRY--TOPICAL TERM
Topical term or geographic name as entry element Management
942 ## - ADDED ENTRY ELEMENTS (KOHA)
Item type Reference
Holdings
Withdrawn status Lost status Damaged status Permanent location Current location Shelving location Date acquired Cost, normal purchase price Full call number Barcode Date last seen Koha item type
      CENTRAL LIBRARY, NOORUL ISLAM CENTRE FOR HIGHER EDUCATION CENTRAL LIBRARY, NOORUL ISLAM CENTRE FOR HIGHER EDUCATION Management Studies 05/09/2003 1326.00 658.15 P2 18097 09/13/2024 Reference
Visitors:
Copyright © 2024 Central Library NICHE.  All rights reserved.